000 00496nam a2200193Ia 4500
001 48189
008 140430s9999 xx 000 0 und d
020 _aNA
040 _cPK-LaUMT
082 _a 320.95491
_bYOU-B
100 _aYousaf Nazar
245 _aBalkanisation and political economy of Pakistan
_cYousaf Nazar
250 _are ed
260 _aKarachi,Pakistan:
_bNational News Agency,
_c2008
300 _a299 p.
546 _aEN
650 _aBalkanisation-Pakistan
942 _cBK
999 _c46001
_d46001